00662nam a2200193Ia 4500001001000000003000500010008004100015010001100056040000900067100003200076245014400108260003500252300001000287502006200297650003000359650001100389650003100400710003700431Para_1015CHAP220125s1980 xx 000 0 und d a198883 cCHAP aGarcía Maldonado, Filemon aEvaluación de la gomosis (Phytophthora citrophthora y P. parasitica) en el municipio de LLera, Tamps. /c por Filemon García Maldonado aChapingo, Méx. :b El autor a49 h. aTesis (Ing. Agr. Esp. Fitotecnia) UACh. Depto. Fitotecnia aCitricos x enfermedades  aHongos aPhytophthora citrophthora  aUACh. Departamento de Fitotecnia